[Event "Eastern Asia-ch U14 Girls"]
[Site "Tornelo INT"]
[Date "2021.10.24"]
[Round "7"]
[White "Charvi, Patidar"]
[Black "Kavya, N."]
[Result "1-0"]
[WhiteElo "1217"]
[BlackElo "1109"]
[PlyCount "107"]
[EventDate "2021.10.22"]
[EventType "swiss"]
[EventRounds "9"]
[EventCountry "NET"]
[SourceTitle "EXT 2023"]
[Source "ChessBase"]
[SourceDate "2022.10.05"]
[SourceVersion "1"]
[SourceVersionDate "2022.10.05"]
[SourceQuality "1"]

1. d4 e6 2. c4 f5 3. Nc3 Nf6 4. Nf3 Bb4 5. Bd2 0-0 6. g3 b6 7. Bg2 Bb7 8. 0-0 h6 9. a3 Bxc3 10. Bxc3 d6 11. b4 Nbd7 12. Qb3 Qe8 13. a4 Ne4 14. Bb2 Kh7 15. a5 a6 16. Qd3 e5 17. dxe5 Nxe5 18. Nxe5 dxe5 19. Qc2 Nd6 20. Bxb7 Nxb7 21. Qc3 bxa5 22. bxa5 Qf7 23. Qxe5 Rae8 24. Qc3 Rxe2 25. Rfe1 Re4 26. Rxe4 fxe4 27. Qc2 Kg8 28. Re1 Nxa5 29. Rxe4 Qd7 30. Rd4 Qe7 31. Qc3 Nc6 32. Rg4 Rf7 33. Rg6 Kh7 34. Rxc6 Qd7 35. Qc2+ Kg8 36. Rxa6 Re7 37. Ra8+ Kf7 38. Ra1 Qe6 39. Qc3 Kg8 40. Ra8+ Kh7 41. Qd3+ Qe4 42. Qxe4+ Rxe4 43. c5 Rc4 44. Ra5 Rc2 45. Be5 c6 46. Bd6 Rc1+ 47. Kg2 Re1 48. Ra6 Re8 49. Rxc6 Ra8 50. Rc7 Kg8 51. c6 g6 52. Rd7 Rc8 53. c7 g5 54. Rd8+ 1-0